| 000 | 01107nam a2200289 i 4500 | ||
|---|---|---|---|
| 003 | EG-ScBUE | ||
| 005 | 20250525121950.0 | ||
| 008 | 250507s1966 nyua f b 001 0 eng d | ||
| 040 |
_aEG-ScBUE _beng _erda _cEG-ScBUE _dEG-ScBUE |
||
| 082 | 0 | 4 |
_a533 _bCRA _222 |
| 100 | 1 |
_aCramér, Harald, _d1893-1985, _eauthor. |
|
| 245 | 1 | 4 |
_aThe elements of probability theory, and some of its applications / _bby Harald Cramér, former professor in the University of Stockholm, former chancellor of the Swedish University. |
| 250 | _aScience editions. | ||
| 264 | 1 |
_aNew York : _bJohn Wiley & Sons, INC., _c1966. |
|
| 300 |
_a281 pages : _billustrations, tables ; _c20 cm. |
||
| 336 |
_2rdacontent _atext _btxt |
||
| 337 |
_aunmediated _2rdamedia _bn |
||
| 338 |
_avolume _bnc _2rdacarrier |
||
| 490 | 0 | _aWiley publications in mathematical statistics | |
| 500 | _aIncludes appendix. | ||
| 504 | _aIncludes bibliographical references and index. | ||
| 650 | 7 |
_aElements Theory. _2BUEsh |
|
| 650 | 7 |
_aProbabilities. _2BUEsh |
|
| 655 | _vReading book | ||
| 942 |
_cBB _2ddc |
||
| 999 |
_c3025 _d3025 |
||